000 00918nam a22003017a 4500
001 4895
003 FISKH
005 20241023112858.0
008 241023b cb ||||| |||| 00| 0 eng d
020 _a9780531293027
040 _aFISKH
_beng
_cFISKH
_dFISKH
050 _aE99.E7
082 _a979.8004
100 _aCunningham, Kevin
245 _aThe Inuit /
_cby Kevin Cunningham and Peter Benoit
260 _aNew York :
_bScholastic ;
_c2011 .
300 _a48 pages :
_bcolor illustrations ;
_c22 cm .
490 _aA True Book
505 _aZ
520 _aAn exploration of the Inuit, discussing their history, dress, survival skills, society, and more.
521 8 _a910
_bLexile
521 8 _aZ
_bRaz-Plus
650 _aInuit
_vJuvenile Literature
650 _aEskimos
_vJuvenile Literature
700 _aBenoit, Peter
_eillustrator
942 _2ddc
_cBK
_n0
999 _c4895
_d4895